| 000 | 01179nam0a22003131 4500 | ||
|---|---|---|---|
| 001 | rc\4587849 | ||
| 005 | 20250612124457.0 | ||
| 021 |
_aRU _b[62-87630] |
||
| 035 | _a(NLR Aleph) 008660127 | ||
| 090 |
_a9056213 _c9056213 |
||
| 100 | _a20130416d1962 |||y0rusy50 ca | ||
| 101 | 0 | _arus | |
| 102 | _aRU | ||
| 105 | _aa z ||||| | ||
| 200 | 1 |
_aМетоды определения свойств хлопка-волокна _fПод ред. канд. техн. наук С.С. Иванова |
|
| 210 |
_aМосква _cРостехиздат _d1962 |
||
| 215 |
_a235 с., 2 л. ил. _cил. _d23 |
||
| 300 | _aПеред загл. авт.: С.С. Иванов, Н.Н. Лебедева, В.И. Нилова, И.Н. Цишевский | ||
| 320 | _aБиблиогр.: с. 233 (11 назв.) | ||
| 606 |
_aХлопковое волокно _xИспытание _2psbo |
||
| 701 | 1 |
_aНилова _bВ.И. |
|
| 701 | 1 |
_aЦишевский _bИ.Н. |
|
| 701 | 1 |
_aЛебедева _bН.Н. |
|
| 701 | 1 |
_aИванов _bС.С. _gСергей Савельевич _4340 |
|
| 801 | 0 |
_aRU _bNLR _gpsbo |
|
| 801 | 1 |
_aRU _bELAR _2rusmarc |
|
| 852 |
_aNLR _j63-5/144 |
||
| 942 | _cBOOK | ||
| 980 | _aNB | ||